Lenin / (Registro nro. 146963)

Detalles MARC
000 -LEADER
campo de control de longitud fija 00855nam a2200229 i 4500
001 - NÚMERO DE CONTROL
campo de control 146963
003 - IDENTIFICADOR DE NÚMERO DE CONTROL
campo de control ES-MaACL
005 - FECHA Y HORA DE LA ÚLTIMA TRANSACCIÓN
campo de control 20250512063036.0
007 - CAMPO FIJO DE DESCRIPCIÓN FÍSICA--INFORMACIÓN GENERAL
campo de control de longitud fija t|
008 - DATOS DE LONGITUD FIJA--INFORMACIÓN GENERAL
campo de control de longitud fija 070920s1972 sp ||||1| spa d
100 1# - ENTRADA PRINCIPAL--NOMBRE DE PERSONA
Nombre de persona Trotsky, Leon,
Fechas asociadas al nombre 1879-1940
9 (RLIN) 240350
245 10 - MENCIÓN DEL TÍTULO
Título Lenin /
Mención de responsabilidad, etc. Leon Trotsky ; prólogo de Jesús Pabón ; texto adicional de André Breton ; epílogo de Iñigo Moreno de Arteaga ; traducido por José Laín Entralgo.
260 ## - PUBLICACIÓN, DISTRIBUCIÓN, ETC.
Lugar de publicación, distribución, etc. Barcelona :
Nombre del editor, distribuidor, etc. Ariel,
Fecha de publicación, distribución, etc. [1972]
300 ## - DESCRIPCIÓN FÍSICA
Extensión 304 p. ;
Dimensiones 22 cm.
600 14 - PUNTO DE ACCESO ADICIONAL DE MATERIA--NOMBRE DE PERSONA
Nombre de persona Lenin, Vladimir Il'ich,
Fechas asociadas al nombre 1870-1924
9 (RLIN) 71523
700 1# - ENTRADA AGREGADA--NOMBRE PERSONAL
Nombre de persona Pabón y Suárez de Urbina, Jesús,
Fechas asociadas al nombre 1902-1976
9 (RLIN) 88103
700 1# - ENTRADA AGREGADA--NOMBRE PERSONAL
Nombre de persona Moreno de Arteaga, Iñigo.
9 (RLIN) 83355
700 1# - ENTRADA AGREGADA--NOMBRE PERSONAL
Nombre de persona Laín Entralgo, José.
9 (RLIN) 69679
852 ## - LOCALIZACIÓN
Ubicación ES-MaACL
Número de control de estantería C-48410
Sublocalización o colección R.84390
852 ## - LOCALIZACIÓN
Ubicación ES-MaACL
Número de control de estantería C-55229
Sublocalización o colección R.87931
Existencias
Estatus retirado Estado de pérdida Estado de daño No para préstamo Biblioteca de origen Biblioteca actual Ubicación en estantería Fecha de adquisición Fuente de adquisición Total de préstamos Signatura topográfica completa Código de barras Visto por última vez Precio de reemplazo Tipo de ítem Koha
        Biblioteca del Ateneo de Madrid Biblioteca del Ateneo de Madrid Depósito 2 17/01/2008     C-55229 1153376 23/02/2023 23/02/2023 Libro impreso
        Biblioteca del Ateneo de Madrid Biblioteca del Ateneo de Madrid Depósito 2 17/01/2008     C-48410 1153375 23/02/2023 23/02/2023 Libro impreso